LDR 01085naa#a2200169#i#450# 001 RU\\bibl\114392 005 20260703220943.5 011 ## _a2782-1919 100 ## _a20260622b2026####ek#y0rusy0150####ca 102 ## _aRU 200 1# _aФункционально-технологические особенности архитектурного проектирования при инклюзивном обучении в зданиях общеобразовательных школ _eЖурнальная статья 210 1# _aЯрославль _cЯрославский государственный технический университет _d2026 215 ## _a31 с. 608 ## _aЖурнальная статья _2local 675 ## _aПомещения со специальным оборудованием и особого функционального назначения (учебные мастерские, кабинеты, лаборатории и т. п.) Например,. 727.055 _z 700 #1 _aСтрельникова _gЕлена Юрьевна 856 4# _aystu.editorum.ru _u